000 00315nam a22001337a 4500
008 190306b xxu||||| |||| 00| 0 eng d
020 _a9780801654930
041 _aeng
080 _22nd
_a610.73
100 _a2
101 _aINF
245 _aClinical Nursing Skills and Techniques
_cPerry,A.G
942 _2udc
_cBK
999 _c54605
_d54605